| 000 | 01099cam a22002897a 4500 | ||
|---|---|---|---|
| 001 | 12920281 | ||
| 003 | OSt | ||
| 005 | 20150408113749.0 | ||
| 008 | 020906s2004 inua 001 0 eng d | ||
| 010 | _a 2002112745 | ||
| 020 | _a1587051249 | ||
| 035 | _a(OCoLC)ocm56322498 | ||
| 040 |
_aHKP _cHKP _dDLC |
||
| 042 | _alccopycat | ||
| 050 | 0 | 0 |
_aQA76.3 _b.C349 2004 |
| 082 | 0 | 0 |
_a005.8 _222 |
| 100 | 1 |
_aCarroll, Brandon. _98472 |
|
| 245 | 1 | 0 |
_aCisco access control security : _bAAA administrative services / _cBrandon Carroll. |
| 260 |
_aIndianapolis, Ind. : _bCisco Press, _cc2004. |
||
| 300 |
_axxi, 431 p. : _bill. ; _c24 cm. |
||
| 440 | 0 |
_aNetworking technology series _98473 |
|
| 500 | _aIncludes index. | ||
| 610 | 2 | 0 |
_aCisco Systems, Inc. _96109 |
| 650 | 0 |
_aComputer networks _xSecurity measures _xExaminations _vStudy guides. _98452 |
|
| 942 |
_2ddc _cBOOK |
||
| 999 |
_c3720 _d238220 |
||